000 00671nam a22001935i 4500
001 166837
003 ES-MaACL
005 20251015063150.0
008 971114s1863 fr |||| | fre d
040 _aAR
_bspa
_cAR
100 1 _aVacherot, Étienne,
_d1809-1897
_9133481
245 1 3 _aLa métaphysique et la science, ou, Principes de métaphysique positive /
_cpar Étienne Vacherot.
250 _a2em. rev., corr. et augm.
260 _aParis :
_bLibrairie de F. Chamerot,
_c1863.
300 _a3 v. (LV, 338 ; 442 ; 414 p.) ;
_c19 cm.
650 7 _aMetafísica
_2embne
_915012
852 _aES-MaACL
_jD-4774-76
_z-- Enc. tela
999 _c166837
_d166837